A new Eurystyles from Nicaragua

Saved in:
Bibliographic Details
Main Author: Heller, Alfonso H.
Format: Book
Language:English
Published: [Chicago] Field Museum of Natural History, 1968.
Series:Fieldiana. Botany ; v. 31, no. 12.
Publication (Field Museum of Natural History) ; 1037.
Subjects:
Tags: Add Tag
No Tags, Be the first to tag this record!
LEADER 01105nam a2200301I 4500
001 007724087-1
005 20040629102750.0
008 740820s1968 ilu 000 0 eng c
010 |a  67031600  
035 0 |a ocm00983376 
040 |a MIA  |c MIA  |d BOH 
043 |a ncnq--- 
050 |a QK1  |b .F4 v. 31, no. 12 
082 |a 584/.15 
100 1 |a Heller, Alfonso H. 
245 1 2 |a A new Eurystyles from Nicaragua  |c [by] Alfonso H. Heller. 
260 |a [Chicago]  |b Field Museum of Natural History,  |c 1968. 
300 |a 279-281 p.  |b illus.  |c 24 cm. 
490 1 |a [Field Museum of Natural History, Chicago] Publication 1037 
490 1 |a Fieldiana. Botany ;  |v v. 31, no. 12 
500 |a Vol. 31, no. 11, 12, 13, 14 bound together. 
650 0 |a Orchids  |z Nicaragua. 
650 0 |a Eurystyles borealis. 
776 0 8 |i Online version:  |a Heller, Alfonso H.  |t New Eurystyles from Nicaragua.  |d Chicago : Field Museum of Natural History, 1968  |w (OCoLC)910492876 
830 0 |a Fieldiana.  |p Botany ;  |v v. 31, no. 12. 
830 0 |a Publication (Field Museum of Natural History) ;  |v 1037. 
988 |a 20020608 
906 |0 OCLC